000 00691nam a2200229 i 4500
001 16812
003 ES-MaACL
005 20230906151412.0
007 t|
008 001110s1987 sp ||||0| spa
020 _a84-398-8861-9
080 _a725(464.1 M.)
245 0 3 _aLa reconversión del depósito elevado /
_cMiguel Aguiló ... [et al.].
250 _a2ª ed.
260 _a[Madrid] :
_bCanal de Isabel II,
_c1987.
300 _a53 p :
_bil. col. y n ;
_c21 cm.
610 2 _aCanal de Isabel II.
_92422
651 _aMadrid-
_xEdificios, estructuras, etc.
_98959
700 1 _aAguiló Alonso, Miguel.
_918794
710 2 _aCanal de Isabel II.
_92422
852 _aES-MaACL
_jG-3888
999 _c16812
_d16812